[Event "XYChess IM Section"]
[Site "Sliema, Malta"]
[Date "2015.01.09"]
[Round "1.2"]
[White "Kaim, Piotr"]
[Black "Kirk, Ezra"]
[Result "1-0"]
[WhiteElo "2212"]
[BlackElo "2316"]

1.e4 c5 2.Nf3 Nc6 3.Bb5 g6 4.Bxc6 bxc6 5.O-O Bg7 6.Re1 Nh6 7.c3 O-O 8.d4 Qb6
9.e5 cxd4 10.cxd4 d6 11.Nbd2 Be6 12.Ne4 dxe5 13.dxe5 Ng4 14.Bf4 Qxb2 15.Re2
Qa3 16.h3 Nh6 17.Nd4 Rad8 18.Rd2 Bd5 19.Ng3 Qa5 20.Qc1 Qa4 21.Qd1 Qxd1+
22.Raxd1 Rb8 23.Rc2 Rb6 24.Rdc1 Ra6 25.Nxc6 Bxc6 26.Rxc6 Rxa2 27.Rc8 Ra4
28.Be3 Nf5 29.Nxf5 gxf5 30.Rxf8+ Bxf8 31.Rc8 f4 32.Bd2 Kg7 33.g3 fxg3 34.fxg3
Ra1+ 35.Kf2 Ra2 36.Ke1 e6 37.Bg5 Bb4+ 38.Kd1 Kg6 39.Bf6 Kf5 40.Rc4 a5 41.g4+
Kg6 42.Rc8 h5 43.Rg8+ Kh6 44.g5+ Kh7 45.Rg7+ Kh8 46.Rg6+ {#r} 1-0

[Event "XYChess IM Section"]
[Site "Sliema, Malta"]
[Date "2015.01.09"]
[Round "1.3"]
[White "Arkell, Keith C"]
[Black "Przedmojski, Rafal"]
[Result "0-1"]
[WhiteElo "2497"]
[BlackElo "2367"]

1.Nf3 d5 2.g3 c6 3.Bg2 Bf5 4.O-O Nd7 5.d4 Ngf6 6.a4 e6 7.c4 Be7 8.Nc3 Ne4 9.a5
a6 10.Qb3 Nd6 11.Nd2 Bg5 12.e4 Bxd2 13.Bxd2 Bxe4 14.Nxe4 dxe4 15.Bb4 Nf6
16.Rac1 Qd7 17.Bh3 Qc7 18.Qa3 Rd8 19.Rfd1 Qe7 20.d5 exd5 21.cxd5 Nxd5 22.Rxd5
cxd5 23.Qa4+ Kf8 24.Rc5 h5 25.Rxd5 e3 26.f4 Rh6 27.Re5 Qc7 28.Rxe3 Kg8 29.Rc3
Qb8 30.Qc2 h4 31.Bg2 Nb5 32.Rc4 Nd4 33.Qe4 Nc6 34.Bc3 Qa7+ 35.Kf1 Rd1+ 36.Ke2
Re6 37.Kxd1 Qg1+ 38.Be1 Rxe4 39.Bxe4 h3 40.Bxc6 bxc6 41.Rc2 f5 42.Rf2 Qh1
43.Rc2 c5 44.Re2 c4 45.Kc2 Qf3 46.Kd1 Qf1 47.Rf2 Qh1 48.Ke2 Qe4+ 49.Kf1 Qd5
50.Bc3 Qd1+ 51.Be1 Kf7 52.Rd2 Qf3+ 53.Rf2 Qd5 54.Bd2 Kg6 55.Bc3 Qd1+ 56.Be1
Kh5 57.Rd2 Qf3+ 58.Rf2 Qd3+ 59.Kg1 Qd1 60.Kf1 Kg4 61.Rd2 Qf3+ 62.Rf2 Qd3+
63.Kg1 Qb1 64.Kf1 Qa1 65.Rc2 c3 66.bxc3 Qxa5 67.Ke2 Qa4 68.Kd2 Qc4 69.Kc1 a5
70.Bd2 a4 71.Kb1 a3 {#R} 0-1

[Event "XYChess IM Section"]
[Site "Sliema, Malta"]
[Date "2015.01.09"]
[Round "1.4"]
[White "Lombaers, Peter"]
[Black "Ahlander, Bjorn"]
[Result "1-0"]
[WhiteElo "2291"]
[BlackElo "2406"]

1.e4 e5 2.Nf3 Nc6 3.d4 exd4 4.Bc4 Nf6 5.Ng5 Ne5 6.Bb3 h6 7.f4 hxg5 8.fxe5 Nxe4
9.Bd5 Nc5 10.O-O Ne6 11.Qf3 Qe7 12.Nd2 g4 13.Qf5 Qh4 14.Qxf7+ Kd8 15.Ne4 Qxh2+
16.Kf2 Be7 17.Bxe6 dxe6 18.Rh1 Bh4+ 19.Ke2 Qxg2+ 20.Kd3 Bd7 21.Bg5+ Kc8
22.Rxh4 Bb5+ 23.Kxd4 Re8 24.Qf2 Qxf2+ 25.Nxf2 g3 26.Ne4 g2 27.c4 Bc6 28.Rg1 b6
29.Rxg2 Kb7 30.Rf2 Rf8 31.Rxf8 Rxf8 32.Rf4 Rh8 33.Bh4 a5 34.Ng5 Bd7 35.Ke3 Kc6
36.Nf3 Kb7 37.Rg4 Bc6 38.Nd4 Rh7 39.Nxe6 Bd7 40.Nf8 Bxg4 41.Nxh7 Be6 42.Kd4
c5+ 43.Kc3 b5 44.b3 a4 45.Be7 b4+ 46.Kb2 a3+ 47.Kc1 Kc6 48.Ng5 Bf5 49.Bf8 g6
50.Bd6 Kb6 51.e6 Kc6 52.e7 Bd7 53.Ne4 g5 54.Bxc5 g4 55.Bxb4 Be8 56.Bxa3 Bg6
57.Kd2 {#r} 1-0

[Event "XYChess IM Section"]
[Site "Sliema, Malta"]
[Date "2015.01.09"]
[Round "1.5"]
[White "House, Glenn L"]
[Black "Kerigan, Demre"]
[Result "0-1"]
[WhiteElo "2230"]
[BlackElo "2311"]

1.d4 g6 2.Nf3 Bg7 3.Nc3 Nf6 4.e4 d6 5.Be2 O-O 6.O-O c5 7.d5 Na6 8.h3 Nc7 9.Re1
a6 10.a4 Bd7 11.e5 Nfe8 12.Bf4 b5 13.Qd2 b4 14.Ne4 Bf5 15.Ng3 dxe5 16.Nxe5
Qxd5 17.Nxf5 gxf5 18.Qe3 Nd6 19.Bf3 Ne4 20.Rad1 Qe6 21.Bxe4 fxe4 22.Qxe4 Rad8
23.Rxd8 Rxd8 24.Nc6 Qxe4 25.Rxe4 Rd1+ 26.Kh2 Ne6 27.Nxe7+ Kf8 28.Nf5 Bxb2
29.Bd6+ Ke8 30.Bxc5 Rd5 31.Nd6+ Kd7 32.Bxb4 Be5+ 33.Rxe5 Rxe5 34.Nxf7 Rf5
35.Nh6 Rxf2 36.Ng4 Rxc2 37.Nf6+ Kc6 38.Nxh7 Rc4 39.Bd2 Rxa4 40.Ng5 Nd4 41.Ne4
Nf5 42.Nf6 Ra2 43.Bg5 a5 44.h4 a4 45.h5 a3 46.h6 Nxh6 47.Bxh6 Rxg2+ 48.Kxg2 a2
49.Kg3 a1=Q 50.Bg5 Kd6 51.Kg4 Ke6 52.Nh5 Qd1+ 53.Kh4 Qd4+ 54.Bf4 Qf2+ 55.Kg5
Qg2+ 56.Bg3 Qd5+ 57.Kh4 Kf5 58.Bh2 Qe4+ 59.Nf4 Qf3 {#R} 0-1

[Event "XYChess IM Section"]
[Site "Sliema, Malta"]
[Date "2015.01.10"]
[Round "2.1"]
[White "Ekstroem, Roland"]
[Black "Kerigan, Demre"]
[Result "1/2-1/2"]
[WhiteElo "2396"]
[BlackElo "2311"]

1.d4 g6 2.e4 Bg7 3.c4 d6 4.Nc3 Nf6 5.Nf3 O-O 6.h3 e5 7.d5 Na6 8.Bg5 h6 9.Be3
Nc5 10.Nd2 a5 11.Be2 b6 12.a3 a4 13.Bxc5 bxc5 14.Nxa4 Nh7 15.h4 h5 16.Nc3 Bh6
17.Qc2 f5 18.exf5 Bxf5 19.Nde4 Nf6 20.Bd3 Qe7 21.g3 Bg4 22.Be2 Bf5 23.Bf3 Kh8
24.Bg2 Rf7 25.Ra2 Ng4 26.Qe2 Raf8 27.b4 Bxe4 28.Nxe4 Nxf2 29.O-O Ng4 30.Rxf7
Qxf7 31.bxc5 Be3+ 32.Kh1 Rb8 33.Qf1 Qxf1+ 34.Bxf1 dxc5 35.Bd3 Bd4 36.Kg2 Rb3
37.Be2 Ne3+ 38.Kh2 Nf5 39.a4 Rb6 40.a5 Ra6 41.g4 Nd6 42.Nxd6 cxd6 43.gxh5 gxh5
44.Bxh5 Bc3 45.Kg3 Rxa5 46.Rxa5 Bxa5 47.Kg4 Bc3 48.Kf5 e4 49.Kxe4 {#d} 1/2-1/2

[Event "XYChess IM Section"]
[Site "Sliema, Malta"]
[Date "2015.01.10"]
[Round "2.2"]
[White "Ahlander, Bjorn"]
[Black "House, Glenn L"]
[Result "1-0"]
[WhiteElo "2406"]
[BlackElo "2230"]

1.c4 e6 2.Nc3 Bb4 3.Nf3 Nf6 4.g3 b6 5.Bg2 Bb7 6.Qc2 O-O 7.a3 Bxc3 8.Qxc3 d6
9.O-O Nbd7 10.b3 Re8 11.d4 h6 12.Bb2 Be4 13.Rfe1 a5 14.Bh3 a4 15.b4 c6 16.Nd2
d5 17.f3 Bf5 18.Bg2 Bg6 19.b5 cxb5 20.cxb5 Qe7 21.Rac1 Qf8 22.Qe3 Ra5 23.Bc3
Rxb5 24.Ra1 Rc8 25.Rec1 Qd6 26.Bb4 Rxc1+ 27.Rxc1 Rxb4 28.axb4 Qxb4 29.Qc3 Qxc3
30.Rxc3 b5 31.e4 dxe4 32.fxe4 e5 33.Rc8+ Kh7 34.d5 Nb6 {#r} 1-0

[Event "XYChess IM Section"]
[Site "Sliema, Malta"]
[Date "2015.01.10"]
[Round "2.3"]
[White "Przedmojski, Rafal"]
[Black "Lombaers, Peter"]
[Result "1-0"]
[WhiteElo "2367"]
[BlackElo "2291"]

1.d4 f5 2.Nc3 Nf6 3.Bg5 d5 4.f3 Nc6 5.e3 Be6 6.Bb5 Qd7 7.Nge2 a6 8.Bxc6 Qxc6
9.Nf4 O-O-O 10.Nd3 h6 11.Bf4 g5 12.Be5 Rg8 13.Qd2 Nd7 14.b3 Bf7 15.O-O f4
16.exf4 g4 17.f5 gxf3 18.Rxf3 h5 19.Re1 Nf6 20.Rg3 Ng4 21.h3 Nh6 22.Rf3 h4
23.Rf2 Bh5 24.Nb4 Qd7 25.Nbxd5 Nxf5 26.Bxc7 Nxd4 27.Bxd8 Kxd8 28.Qxd4 e6
29.Qxh4+ {#r} 1-0

[Event "XYChess IM Section"]
[Site "Sliema, Malta"]
[Date "2015.01.10"]
[Round "2.4"]
[White "Kirk, Ezra"]
[Black "Arkell, Keith C"]
[Result "0-1"]
[WhiteElo "2316"]
[BlackElo "2497"]

1.d4 e6 2.c4 Bb4+ 3.Bd2 Bxd2+ 4.Qxd2 Nf6 5.g3 d6 6.Bg2 O-O 7.Nc3 e5 8.d5 a5
9.e4 Na6 10.Nge2 Nc5 11.O-O Re8 12.Rae1 Bd7 13.Nc1 Qb8 14.Nd3 Qa7 15.h3 c6
16.Kh2 cxd5 17.exd5 h6 18.b3 Nxd3 19.Qxd3 Qc5 20.a4 Qb4 21.Ne4 Nxe4 22.Bxe4
Rf8 23.g4 Qb6 24.f4 exf4 25.Rxf4 Rae8 26.Ref1 f6 27.h4 Re5 28.g5 hxg5 29.hxg5
Rxg5 30.Bg6 Be8 31.Bh7+ Kf7 32.Qh3 Re5 33.Re4 Rh8 34.Rxe5 dxe5 35.Kg2 Ke7
36.Qd3 g6 37.Qh3 Kd8 38.Qh4 Kc8 39.Rxf6 Qd8 40.Qg4+ Bd7 41.Qxg6 Rxh7 42.Qxh7
Qxf6 43.Qg8+ Kc7 44.c5 Qf5 45.d6+ Kc6 46.Qc4 Qg4+ {#R} 0-1

[Event "XYChess IM Section"]
[Site "Sliema, Malta"]
[Date "2015.01.10"]
[Round "2.5"]
[White "Oliveira, Carlos Andre Ramalho"]
[Black "Kaim, Piotr"]
[Result "1/2-1/2"]
[WhiteElo "2075"]
[BlackElo "2212"]

1.b3 e5 2.Bb2 d6 3.c4 Nf6 4.g3 g6 5.Bg2 Bg7 6.Nf3 O-O 7.O-O Nh5 8.d4 e4 9.Nfd2
f5 10.e3 c5 11.Nc3 cxd4 12.exd4 Nc6 13.d5 Ne5 14.Rb1 Nd3 15.Ba1 Qe7 16.Qe2
Nhf4 17.Qe3 Nxg2 18.Kxg2 Be5 19.f4 Bf6 20.Nb5 Bxa1 {#d} 1/2-1/2

[Event "XYChess IM Section"]
[Site "Sliema, Malta"]
[Date "2015.01.10"]
[Round "3.1"]
[White "Kaim, Piotr"]
[Black "Ekstroem, Roland"]
[Result "1/2-1/2"]
[WhiteElo "2212"]
[BlackElo "2396"]

1.Nf3 d5 2.c4 dxc4 3.e4 c5 4.Bxc4 Nc6 5.Nc3 e6 6.O-O Nf6 7.Qe2 a6 8.a4 Qc7
9.d3 Bd6 10.h3 O-O 11.Bg5 b6 12.Rac1 Bb7 13.Rfd1 Rac8 14.Nb1 Bf4 15.Bxf4 Qxf4
16.Qe3 Qb8 17.Nc3 Rfd8 18.Ne2 h6 19.Nd2 Nd4 20.Nxd4 Rxd4 21.f4 b5 22.axb5 axb5
23.Bxb5 Bxe4 24.Nxe4 Nxe4 25.dxe4 Rxd1+ 26.Rxd1 Qxb5 27.Rd2 Qb4 28.Kh2 c4
29.Qd4 Qb3 30.Qc3 Rb8 31.Rd4 Qxb2 32.Qxb2 Rxb2 33.Rxc4 g5 34.f5 exf5 35.exf5
h5 36.Kg1 Kg7 37.g4 Kf6 38.Re4 Rd2 39.Ra4 Ke5 40.h4 hxg4 41.Rxg4 gxh4 42.Rxh4
Kxf5 43.Kf1 Kg5 44.Ra4 f5 45.Ra3 Kg4 46.Rb3 f4 47.Ra3 Rh2 48.Rb3 Rh3 49.Rxh3
Kxh3 50.Kf2 Kg4 51.Kg2 f3+ 52.Kf2 Kf4 53.Kf1 Kg3 54.Kg1 f2+ 55.Kf1 Kf3 {#D}
1/2-1/2

[Event "XYChess IM Section"]
[Site "Sliema, Malta"]
[Date "2015.01.10"]
[Round "3.2"]
[White "Arkell, Keith C"]
[Black "Oliveira, Carlos Andre Ramalho"]
[Result "1-0"]
[WhiteElo "2497"]
[BlackElo "2075"]

1.d4 c5 2.d5 e5 3.e4 d6 4.Nc3 Be7 5.Nf3 Bg4 6.b3 a6 7.a4 b6 8.h3 Bxf3 9.Qxf3
Bg5 10.Bb2 Ne7 11.h4 Bh6 12.g4 g6 13.g5 Bg7 14.h5 gxh5 15.Rxh5 Ng6 16.Ne2 Nd7
17.Bh3 h6 18.Bf5 hxg5 19.Bxg6 fxg6 20.Rxh8+ Bxh8 21.Qh3 Qf6 22.Bc1 O-O-O
23.Qg3 Rf8 24.Bxg5 Qf7 25.Be3 Kc7 26.Rb1 Nf6 27.Nc3 Qh7 28.Kd2 Nh5 29.Qg4 Bg7
30.Qe2 Kb7 31.b4 c4 32.Qxc4 Rc8 33.Qe2 Bh6 34.Rb3 Nf6 35.Bxh6 Qxh6+ 36.Qe3 Qh1
37.a5 Nd7 38.b5 Rc4 39.bxa6+ Ka8 40.Rb1 Qg2 41.Qg3 Qxg3 42.fxg3 bxa5 43.Nb5
Nc5 44.Nxd6 Nxe4+ 45.Nxe4 Rxe4 46.c3 Rc4 47.Rb5 e4 48.Rxa5 Ka7 49.d6 Rc8
50.Rd5 Kxa6 51.d7 Rd8 52.Ke3 Kb6 53.Kxe4 Kc7 54.Ke5 g5 55.Ke6 {#r} 1-0

[Event "XYChess IM Section"]
[Site "Sliema, Malta"]
[Date "2015.01.10"]
[Round "3.3"]
[White "Lombaers, Peter"]
[Black "Kirk, Ezra"]
[Result "1/2-1/2"]
[WhiteElo "2291"]
[BlackElo "2316"]

1.e4 c5 2.d4 cxd4 3.c3 d3 4.Bxd3 Nc6 5.c4 g6 6.Nf3 Bg7 7.O-O Nf6 8.Nc3 O-O
9.h3 d6 10.Be3 Nd7 11.Rc1 b6 12.Qd2 Bb7 13.Rfd1 Rc8 14.b3 Nc5 15.Bb1 Rc7
16.Nd4 Qa8 17.Nd5 Rd7 18.b4 e6 19.bxc5 exd5 20.cxb6 Nxd4 21.Bxd4 Bxd4 22.Qxd4
dxe4 23.Qf6 axb6 24.Rxd6 Rxd6 25.Qxd6 e3 26.Qxb6 Re8 27.Re1 Bxg2 28.fxe3 Bxh3
29.e4 Rd8 30.Qe3 Be6 31.Rc1 Rc8 32.c5 Bxa2 33.Bxa2 Qxa2 34.c6 Qe6 35.c7 h5
36.Qg5 Kg7 37.Qf4 Qb6+ 38.Kg2 Qe6 39.Rc2 f6 40.Rc5 Ra8 41.Rc2 Rc8 42.Rc5 Qa2+
43.Kf3 Qa3+ 44.Qe3 Qa6 45.Kg2 Qd6 46.Qc3 Qe6 47.e5 Qg4+ 48.Kh2 Qh4+ 49.Kg2
Qg4+ 50.Kh2 Qf4+ 51.Kg2 fxe5 52.Rxe5 Kh6 53.Rc5 Re8 54.Qc1 Qxc1 55.Rxc1 {#d}
1/2-1/2

[Event "XYChess IM Section"]
[Site "Sliema, Malta"]
[Date "2015.01.10"]
[Round "3.4"]
[White "House, Glenn L"]
[Black "Przedmojski, Rafal"]
[Result "1/2-1/2"]
[WhiteElo "2230"]
[BlackElo "2367"]

1.e4 Nc6 2.d3 e5 3.Nf3 Nf6 4.Be2 Be7 5.Nbd2 d5 6.c3 a5 7.Qc2 O-O 8.O-O h6 9.b3
Re8 10.a3 b6 {#d} 1/2-1/2

[Event "XYChess IM Section"]
[Site "Sliema, Malta"]
[Date "2015.01.10"]
[Round "3.5"]
[White "Kerigan, Demre"]
[Black "Ahlander, Bjorn"]
[Result "1-0"]
[WhiteElo "2311"]
[BlackElo "2406"]

1.e4 g6 2.d4 Bg7 3.Nc3 d6 4.Be3 c6 5.Qd2 b5 6.h4 Nd7 7.h5 Nb6 8.h6 Bf6 9.f4 e6
10.Nf3 b4 11.Nd1 d5 12.e5 Be7 13.b3 Bf8 14.Nf2 a5 15.g4 Bxh6 16.Bd3 Bf8 17.Ng5
h6 18.O-O-O Bg7 19.Nf3 Ne7 20.Kb1 Ba6 21.f5 exf5 22.Bxh6 Rxh6 23.Rxh6 Bxd3
24.Nxd3 fxg4 25.Rh7 Nf5 26.Nh4 Nxd4 27.Rxg7 Qxh4 28.Qf4 Nf5 29.Rg8+ Ke7
30.Rxa8 Nxa8 31.e6 g3 32.Qb8 g2 33.Qxa8 Qd4 34.Qb7+ Kxe6 35.Qxc6+ Ke7 36.Qc7+
Kf8 37.Qc5+ Qxc5 38.Nxc5 Nh4 39.Rg1 f5 40.Ne6+ Kf7 41.Nf4 g5 42.Nxg2 Nf3
43.Rh1 Kg6 44.Kc1 f4 45.Kd1 Kf5 46.Ne1 Nd4 47.Kd2 g4 48.Rh5+ Ke4 49.Nd3 g3
50.Re5+ Kf3 51.Rxd5 g2 52.Rg5 Ke4 53.Rxg2 {#r} 1-0

[Event "XYChess IM Section"]
[Site "Sliema, Malta"]
[Date "2015.01.11"]
[Round "4.2"]
[White "Przedmojski, Rafal"]
[Black "Kerigan, Demre"]
[Result "1/2-1/2"]
[WhiteElo "2367"]
[BlackElo "2311"]

1.e4 d6 2.d4 Nf6 3.f3 g6 4.Be3 Bg7 5.Qd2 O-O 6.Nc3 c6 7.O-O-O b5 8.Kb1 Nbd7
9.Bh6 Nb6 10.Bxg7 Kxg7 11.e5 Nfd5 12.Nxd5 Nxd5 13.h4 h5 14.Ne2 Be6 15.Nf4 Nxf4
16.Qxf4 dxe5 17.Qxe5+ Kg8 18.Re1 Qa5 19.b3 Rfd8 20.Bd3 Rd5 21.Qg3 Bf5 22.Bxf5
Rxf5 23.Rxe7 Qd2 24.Re5 Rf4 25.Rxh5 Rxd4 26.Re5 Qc3 27.h5 Rad8 28.Ree1 Rd2
29.Rc1 Kg7 30.hxg6 fxg6 31.Rhe1 Qf6 32.Qe5 Kf7 33.Re4 R8d5 34.Qh2 Rd1 35.Qh7+
Kf8 36.Qh6+ Kf7 37.Rf4 Rxc1+ 38.Kxc1 Rf5 39.Qh7+ Ke6 40.Re4+ Kd6 41.Qh2+ Kd7
42.Kb1 Rd5 43.Qh7+ Kd6 44.Re1 a5 45.Qh2+ Kd7 46.Qg1 a4 47.Rd1 Rxd1+ 48.Qxd1+
Kc7 49.bxa4 bxa4 50.Qd2 Qe5 51.Qb4 Qe2 52.Qa5+ Kb7 53.Qxa4 Qxg2 54.Qb3+ Ka6
55.a3 g5 56.Kb2 Qg3 57.Qc4+ Kb6 58.Qb4+ Ka6 59.Qe4 Qb8+ 60.Kc3 Qh8+ 61.Kd3 Qf6
62.Ke2 Qh6 63.Qd3+ Kb7 64.Qd7+ Kb6 65.Kd3 Qh1 66.Qd4+ Kb7 67.Qd7+ Kb6 68.Ke4
Qg2 69.Qd4+ Kb7 70.c3 Qg3 71.Qe5 Qg2 72.Qe7+ Kb6 73.Qd8+ Kb7 74.Qe7+ Ka6
75.Qc5 Qc2+ 76.Ke5 Qe2+ 77.Kf5 Qxf3+ 78.Kxg5 Qd5+ 79.Qxd5 cxd5 80.Kf5 Kb5
81.Ke5 Kc4 82.a4 Kxc3 {#d} 1/2-1/2

[Event "XYChess IM Section"]
[Site "Sliema, Malta"]
[Date "2015.01.11"]
[Round "4.3"]
[White "Kirk, Ezra"]
[Black "House, Glenn L"]
[Result "1-0"]
[WhiteElo "2316"]
[BlackElo "2230"]

1.d4 Nf6 2.Bg5 e6 3.Nf3 c5 4.Bxf6 Qxf6 5.e3 Nc6 6.c3 Be7 7.Bd3 d5 8.O-O Bd7
9.Nbd2 O-O 10.dxc5 Bxc5 11.e4 Rad8 12.Re1 Bb6 13.Qc2 h6 14.e5 Qe7 15.Nb3 Rc8
16.Qd2 f6 17.Nbd4 Nxe5 18.Nxe5 fxe5 19.Rxe5 Bc7 20.Rae1 Bxe5 21.Rxe5 Qf6
22.Qe2 Rce8 23.g3 a6 24.h4 g6 25.f4 Re7 26.Nf3 Rg7 27.Nh2 Qd8 28.Qe3 g5
29.hxg5 hxg5 30.fxg5 Bb5 31.Bxb5 axb5 32.Ng4 Rg6 33.a3 Kg7 34.Nh6 Qd6 35.Kg2
Kh7 36.Qd4 Qc6 37.Ng4 Qc4 38.Qe3 d4 39.cxd4 Qc6+ 40.d5 Qd6 41.Qd3 Kg7 42.Qd4
Kg8 43.Nh6+ Kh7 44.Qe4 Qc5 45.Rxe6 Qf2+ 46.Kh3 Qf1+ 47.Kh4 {#r} 1-0

[Event "XYChess IM Section"]
[Site "Sliema, Malta"]
[Date "2015.01.11"]
[Round "4.4"]
[White "Oliveira, Carlos Andre Ramalho"]
[Black "Lombaers, Peter"]
[Result "0-1"]
[WhiteElo "2075"]
[BlackElo "2291"]

1.e4 Nf6 2.e5 Nd5 3.Nc3 Nb6 4.d4 d6 5.exd6 cxd6 6.Bg5 g6 7.Qd2 h6 8.Bf4 Bg7
9.O-O-O Nc6 10.Qe3 Bf5 11.Bb5 a6 12.d5 axb5 13.dxc6 Nc4 14.Qf3 bxc6 15.Nge2
O-O 16.b3 b4 17.Na4 e5 18.g4 Be6 19.Bd2 Bd5 {#R} 0-1

[Event "XYChess IM Section"]
[Site "Sliema, Malta"]
[Date "2015.01.11"]
[Round "4.5"]
[White "Kaim, Piotr"]
[Black "Arkell, Keith C"]
[Result "0-1"]
[WhiteElo "2212"]
[BlackElo "2497"]

1.d4 Nf6 2.Nf3 b5 3.Bg5 Bb7 4.Nbd2 d5 5.e3 a6 6.Bxf6 gxf6 7.c3 e6 8.b4 Nd7
9.a4 c6 10.e4 Nb6 11.a5 Nc4 12.Bd3 Qc7 13.Qc2 Qf4 14.g3 Qg4 15.Be2 O-O-O
16.Ne5 Qg7 17.Nexc4 bxc4 18.O-O-O Qg6 19.f4 h5 20.Nf3 Qxe4 21.Qxe4 dxe4 22.Nd2
f5 23.Nxc4 h4 24.Ne3 Bd6 25.Nc4 Bc7 26.Ne5 Rh7 27.gxh4 Rxh4 28.Bc4 Bxe5
29.fxe5 Rdh8 30.Rdg1 Kd8 31.Rg7 Ke7 32.Rhg1 Rxh2 33.R1g6 Rf2 34.Rg1 Rhh2
35.Rg8 c5 36.Rb8 Bc6 37.bxc5 e3 38.d5 exd5 39.Rb6 dxc4 40.Rxc6 Rb2 {#R} 0-1

[Event "XYChess IM Section"]
[Site "Sliema, Malta"]
[Date "2015.01.12"]
[Round "5.1"]
[White "Arkell, Keith C"]
[Black "Ekstroem, Roland"]
[Result "1/2-1/2"]
[WhiteElo "2497"]
[BlackElo "2396"]

1.d4 d5 2.c4 dxc4 3.Nf3 Nf6 4.Qa4+ Nbd7 5.Nc3 a6 6.Bg5 e6 7.Bxf6 Qxf6 8.Qxc4
Bd6 9.Ne4 Qe7 10.Nxd6+ cxd6 11.e3 Nf6 12.Qb4 O-O 13.Be2 b5 14.O-O Bb7 15.Rfc1
Rfc8 16.a4 bxa4 17.Qxa4 Rxc1+ 18.Rxc1 h6 19.h3 Bxf3 20.Bxf3 d5 21.Qc6 Qe8
22.Bd1 a5 23.Ba4 Qxc6 24.Rxc6 Kf8 25.Rb6 Ra7 26.Kf1 Ke7 27.Ke2 Ne4 28.f3 Nd6
29.b3 h5 30.Kd3 f5 31.h4 Ra8 32.Rc6 Ra7 33.g3 Ra8 34.Rc7+ Kf6 35.Kc3 Rc8
36.Rc5 Ra8 37.Kb2 g5 38.hxg5+ Kxg5 39.Rc6 Rd8 40.Kc3 h4 41.gxh4+ Kxh4 42.Kd3
Kg3 43.Ke2 f4 44.exf4 Kxf4 45.Ra6 Nf5 46.Kd3 Rg8 47.Rxe6 Rg3 48.Re5 Rxf3+
49.Kd2 Nxd4 50.Rxd5 Ke4 51.Rxa5 Nxb3+ 52.Bxb3 Rxb3 {#d} 1/2-1/2

[Event "XYChess IM Section"]
[Site "Sliema, Malta"]
[Date "2015.01.12"]
[Round "5.2"]
[White "Lombaers, Peter"]
[Black "Kaim, Piotr"]
[Result "1-0"]
[WhiteElo "2291"]
[BlackElo "2212"]

1.c4 Nf6 2.g3 g6 3.Bg2 Bg7 4.Nc3 O-O 5.e3 c6 6.Nge2 d5 7.cxd5 cxd5 8.d4 Nc6
9.O-O b6 10.b4 Bb7 11.Qb3 e6 12.a4 Qd7 13.Nf4 Rfc8 14.Ba3 Ba6 15.Rfe1 Bc4
16.Qb2 a6 17.Rad1 Ne7 18.Nd3 Bxd3 19.Rxd3 Ra7 20.b5 a5 21.Rc1 Rac7 22.Rd2 Nf5
23.Rdc2 Bf8 24.Bxf8 Kxf8 25.Nb1 Nd6 26.Nd2 Ke7 27.f3 Rxc2 28.Rxc2 Rxc2 29.Qxc2
Qc8 30.Qxc8 Nxc8 31.e4 Ne8 32.Kf2 h5 33.Ke3 Ncd6 34.Bf1 Nc7 35.Bg2 Nde8 36.Kf4
Nd6 37.h4 dxe4 38.fxe4 Nc8 39.Nc4 f6 40.Bf3 e5+ 41.dxe5 Ne6+ 42.Ke3 Nc5
43.exf6+ Kxf6 44.Bd1 Nd7 45.Kd4 Ke6 46.Bb3 Nc5 47.Bc2 Nd7 48.Bd3 Nc5 49.Bf1
Nd7 50.Bh3+ Ke7 51.e5 {#r} 1-0

[Event "XYChess IM Section"]
[Site "Sliema, Malta"]
[Date "2015.01.12"]
[Round "5.3"]
[White "House, Glenn L"]
[Black "Oliveira, Carlos Andre Ramalho"]
[Result "1/2-1/2"]
[WhiteElo "2230"]
[BlackElo "2075"]

1.e4 c6 2.d3 d5 3.Nd2 g6 4.g3 Nf6 5.Ngf3 Bg7 6.Bg2 O-O 7.O-O h6 8.Qe2 dxe4
9.dxe4 Be6 10.h3 Qb6 11.Re1 a5 12.Bf1 a4 13.a3 c5 14.Nc4 Qa6 15.e5 Nfd7 16.c3
Nc6 17.Qe4 b5 18.Ne3 Ncxe5 19.Nxe5 Nxe5 20.f4 f5 21.Qg2 Nf7 22.Nd5 Bxd5
23.Qxd5 Qd6 24.Qxd6 Nxd6 25.Rxe7 Rae8 26.Rxe8 Rxe8 27.Bd2 c4 28.Rd1 Ne4 29.Be1
Bf8 30.Kg2 Kf7 31.Kf3 Bc5 32.Rd5 Ke6 33.Re5+ Kd7 34.Rxe8 Kxe8 35.g4 Kd7 36.Be2
Nd6 37.Bd1 Kc6 38.Be2 Bb6 39.Bh4 Nb7 40.gxf5 gxf5 41.Be1 Nc5 42.Bf2 Nd7 43.Be1
Nf6 44.Bd2 Nd5 45.Bd1 Nf6 46.Be2 Nd5 47.Bd1 Nf6 {#d} 1/2-1/2

[Event "XYChess IM Section"]
[Site "Sliema, Malta"]
[Date "2015.01.12"]
[Round "5.4"]
[White "Kerigan, Demre"]
[Black "Kirk, Ezra"]
[Result "0-1"]
[WhiteElo "2311"]
[BlackElo "2316"]

1.e4 e6 2.d4 d5 3.Nd2 Nf6 4.e5 Nfd7 5.Bd3 c5 6.c3 Nc6 7.Ngf3 Be7 8.O-O g5
9.dxc5 g4 10.Nd4 Ndxe5 11.Bb5 Bd7 12.f4 Nxd4 13.Bxd7+ Qxd7 14.cxd4 Nc6 15.Nb3
f5 16.Be3 Bf6 17.Qd2 Kf7 18.Nc1 b6 19.Nb3 Be7 20.Rfc1 Rhd8 21.Bf2 Rab8 22.Rc3
a5 23.a4 b5 24.Nc1 bxa4 25.Nd3 Bf6 26.Ne5+ Bxe5 27.fxe5 Kg8 28.h3 Qg7 29.Rxa4
Rb4 30.Rxb4 axb4 31.Rb3 Ra8 32.Bh4 Ra1+ 33.Kh2 h5 34.Bf6 Qg6 35.h4 f4 36.Qxf4
Rd1 37.Qf2 Nxd4 38.Rxb4 g3+ 39.Qxg3 Rh1+ 40.Kxh1 Qxg3 41.Rxd4 Qf2 42.Ra4 Qxc5
43.b4 Qc6 44.Ra7 d4 45.Bg5 Qb5 46.Ra8+ Kf7 47.Rd8 Qxe5 48.b5 Qc5 49.Kh2 e5
50.Rb8 Qc7 51.Rh8 Kg7 52.Re8 Kg6 53.b6 Qxb6 54.Rxe5 d3 55.Rd5 Qc7+ 56.Kg1 Qc4
57.Rd6+ Kf5 58.Rf6+ Kg4 59.Rf2 Qd4 60.Bf6 Qb4 61.Bg5 Qb6 62.Bd2 Kxh4 63.Be1
Kg4 64.Kh2 Qxf2 {#R} 0-1

[Event "XYChess IM Section"]
[Site "Sliema, Malta"]
[Date "2015.01.12"]
[Round "5.5"]
[White "Ahlander, Bjorn"]
[Black "Przedmojski, Rafal"]
[Result "1-0"]
[WhiteElo "2406"]
[BlackElo "2367"]

1.e4 c6 2.d4 d5 3.Nc3 dxe4 4.Nxe4 Nd7 5.Ng5 Ndf6 6.Bc4 Nh6 7.N1f3 Bg4 8.O-O e6
9.Re1 Be7 10.h3 Bxf3 11.Qxf3 Nd5 12.Nxe6 fxe6 13.Bxh6 gxh6 14.Rxe6 Rf8 15.Qh5+
Rf7 16.Rae1 Kf8 17.Rxh6 Bf6 18.Rxh7 Rxh7 19.Qxh7 Bxd4 20.Qxb7 Qc8 21.Qh7 Rb8
22.Re7 {#r} 1-0

[Event "XYChess IM Section"]
[Site "Sliema, Malta"]
[Date "2015.01.12"]
[Round "6.1"]
[White "Ekstroem, Roland"]
[Black "Przedmojski, Rafal"]
[Result "1/2-1/2"]
[WhiteElo "2396"]
[BlackElo "2367"]

1.c4 c6 2.e4 e6 3.d4 d5 4.exd5 exd5 5.cxd5 Qxd5 6.Nc3 Bb4 7.Nf3 Bg4 8.Be2 Bxf3
9.Bxf3 Qc4 10.Qe2+ Qxe2+ 11.Kxe2 Nf6 12.a3 Ba5 13.Rd1 Nbd7 14.Be3 O-O 15.Rac1
Rfe8 16.Kf1 Bb6 17.Na4 h6 18.h3 Re7 19.b4 Nd5 20.Bxd5 cxd5 21.Nc5 Nf8 22.Bf4
Bc7 23.Nd3 Ne6 24.Re1 Bb6 25.Nc5 Rd8 26.Nxe6 Rxe6 27.Rxe6 fxe6 28.Be5 Kf7
29.Ke2 Rd7 30.a4 a6 31.g4 Bd8 32.f4 b5 33.axb5 axb5 34.Rc5 Rb7 35.Bd6 g6
36.Rc8 Bf6 37.Bc5 g5 38.Kf3 Kg6 39.Rc6 Kf7 40.f5 exf5 41.gxf5 h5 42.Rd6 Re7
43.Rxd5 Re1 44.Rd7+ Kg8 45.Rb7 Rh1 46.Kg2 Rd1 47.Rxb5 Bxd4 48.Rb6 Kf7 49.Bxd4
Rxd4 50.f6 Rd3 51.b5 Rb3 52.Kh2 Kg6 53.Kg2 Kf7 54.Kh2 Kg6 55.Kg2 Kf7 56.Kh2
Kg6 57.Kg2 Kf7 58.Kh2 {#D} 1/2-1/2

[Event "XYChess IM Section"]
[Site "Sliema, Malta"]
[Date "2015.01.12"]
[Round "6.2"]
[White "Kirk, Ezra"]
[Black "Ahlander, Bjorn"]
[Result "1-0"]
[WhiteElo "2316"]
[BlackElo "2406"]

1.d4 c5 2.d5 e6 3.c4 exd5 4.cxd5 d6 5.e4 Ne7 6.Nc3 Ng6 7.Nge2 a6 8.a4 Be7
9.Ng3 Bf6 10.Bd3 O-O 11.O-O Re8 12.Be3 Nd7 13.f4 Rb8 14.Qd2 Qc7 15.Rac1 Qa5
16.Nf5 Qc7 17.b4 b6 18.g4 h6 19.a5 c4 20.Bxc4 bxa5 21.Bd3 Qd8 22.bxa5 Nc5
23.Bxc5 dxc5 24.e5 Nxe5 25.fxe5 Bg5 26.Qf2 c4 27.Be4 Rxe5 28.Nxh6+ Bxh6
29.Qxf7+ Kh8 30.Qf8+ {#r} 1-0

[Event "XYChess IM Section"]
[Site "Sliema, Malta"]
[Date "2015.01.12"]
[Round "6.3"]
[White "Oliveira, Carlos Andre Ramalho"]
[Black "Kerigan, Demre"]
[Result "0-1"]
[WhiteElo "2075"]
[BlackElo "2311"]

1.d4 g6 2.c4 Bg7 3.e4 d6 4.Nc3 Nc6 5.Be3 e5 6.Nge2 exd4 7.Nxd4 Nge7 8.Be2 O-O
9.O-O f5 10.exf5 Bxd4 11.Bxd4 Nxf5 12.Be3 Nxe3 13.fxe3 Be6 14.Qd2 Qe7 15.b3
Qg7 16.Bf3 Rae8 17.Bxc6 bxc6 18.Qd4 Bf5 19.Rae1 Qe5 20.Nd1 a5 21.Nf2 Re7
22.Ng4 Qg7 23.Qf4 g5 24.Qg3 h5 25.Nf2 h4 26.Qf3 Bd3 27.Qxc6 Bxf1 28.Qd5+ Kh8
29.Rxf1 Ref7 30.Qd1 g4 31.g3 Rf3 32.Kg2 Qb2 33.Qd4+ Qxd4 34.exd4 h3+ 35.Kg1 c5
{#R} 0-1